Missing Word: Jonah Hill Quiz Stats

 Plays Quiz Updated Nov 28, 2013

Challenge
Share
Tweet
Embed
Score 0/16 Timer 02:00
0 Plays Today
Hint Answer % Correct
The 40 Year Old ____Virgin
97.2%
21 ____ StreetJump
96.7%
How to ____ Your DragonTrain
94.1%
____ Hears a Who!Horton
91.6%
Forgetting Sarah ____Marshall
91.4%
____ UnchainedDjango
81.9%
____ AlmightyEvan
79.8%
Get Him to the ____Greek
77.4%
Hint Answer % Correct
Just Add ____Water
76.3%
The Invention of ____Lying
53.7%
____ PeopleFunny
49.3%
____ UpKnocked
44%
10 ____ or LessItems
33.9%
____'s BoyGrandma
28.3%
Rocket ____Science
7.2%
Strange ____Wilderness
5.8%

Today's Daily Dose

You're not logged in!

Compare scores with friends on all Sporcle quizzes.
Join for Free
OR
Log In

You Might Also Like...

Show Comments

Extras

Top Quizzes Today


Score Distribution

Your Account Isn't Verified!

In order to create a playlist on Sporcle, you need to verify the email address you used during registration. Go to your Sporcle Settings to finish the process.

Report this User

Report this user for behavior that violates our Community Guidelines.

Details: